Pediatric nursing : (Record no. 60344)

MARC details
000 -LEADER
fixed length control field 01869cam a22004337a 4500
001 - CONTROL NUMBER
control field 16163549
005 - DATE AND TIME OF LATEST TRANSACTION
control field 20260413134004.0
008 - FIXED-LENGTH DATA ELEMENTS--GENERAL INFORMATION
fixed length control field 100330s2012 nyua b 001 0 eng d
010 ## - LIBRARY OF CONGRESS CONTROL NUMBER
LC control number 2010925842
020 ## - INTERNATIONAL STANDARD BOOK NUMBER
International Standard Book Number 9781435486720
020 ## - INTERNATIONAL STANDARD BOOK NUMBER
International Standard Book Number 1435486722
020 ## - INTERNATIONAL STANDARD BOOK NUMBER
International Standard Book Number 9781111319625
020 ## - INTERNATIONAL STANDARD BOOK NUMBER
International Standard Book Number 1111319626
020 ## - INTERNATIONAL STANDARD BOOK NUMBER
International Standard Book Number 1111541884
042 ## - AUTHENTICATION CODE
Authentication code lccopycat
050 00 - LIBRARY OF CONGRESS CALL NUMBER
Classification number RJ245
Item number .P43 2012
082 04 - DEWEY DECIMAL CLASSIFICATION NUMBER
Classification number 618.92/00231
Edition number 22
245 00 - TITLE STATEMENT
Title Pediatric nursing :
Remainder of title caring for children and their families /
246 30 - VARYING FORM OF TITLE
Title proper/short title Caring for children and their families
250 ## - EDITION STATEMENT
Edition statement 3rd ed.
260 ## - PUBLICATION, DISTRIBUTION, ETC. (IMPRINT)
Place of publication, distribution, etc Clifton Park, NY :
Name of publisher, distributor, etc Delmar Cengage Learning,
Date of publication, distribution, etc c2012.
300 ## - PHYSICAL DESCRIPTION
Extent xxxvii, 1496 p. :
Other physical details col. ill. ;
Dimensions 28 cm.
500 ## - GENERAL NOTE
General note "Also available: Study guide to accompany Pediatric nursing .. CourseMate for Pediatric nursing .. Clinical companion for Pediatric nursing ... Delmar's Mini guide to pediatric drugs ... [and] Clinical decision making : case studies in Pediatric nursing"--P. [4] of cover.
504 ## - BIBLIOGRAPHY, ETC. NOTE
Bibliography, etc Includes bibliographical references and index.
650 #0 - SUBJECT ADDED ENTRY--TOPICAL TERM
Topical term or geographic name as entry element Pediatric nursing.
650 12 - SUBJECT ADDED ENTRY--TOPICAL TERM
Topical term or geographic name as entry element Pediatric Nursing
General subdivision methods
650 22 - SUBJECT ADDED ENTRY--TOPICAL TERM
Topical term or geographic name as entry element Nursing Care
General subdivision methods
650 22 - SUBJECT ADDED ENTRY--TOPICAL TERM
Topical term or geographic name as entry element Child
650 22 - SUBJECT ADDED ENTRY--TOPICAL TERM
Topical term or geographic name as entry element Family
700 1# - ADDED ENTRY--PERSONAL NAME
Personal name Potts, Nicki L.
Fuller form of name (Nicki Lee)
700 1# - ADDED ENTRY--PERSONAL NAME
Personal name Mandleco, Barbara L.
Fuller form of name (Barbara Lillian)
856 42 - ELECTRONIC LOCATION AND ACCESS
Materials specified Contributor biographical information
Uniform Resource Identifier <a href="http://www.loc.gov/catdir/enhancements/fy1105/2010925020-b.html">http://www.loc.gov/catdir/enhancements/fy1105/2010925020-b.html</a>
856 42 - ELECTRONIC LOCATION AND ACCESS
Materials specified Publisher description
Uniform Resource Identifier <a href="http://www.loc.gov/catdir/enhancements/fy1105/2010925020-d.html">http://www.loc.gov/catdir/enhancements/fy1105/2010925020-d.html</a>
856 41 - ELECTRONIC LOCATION AND ACCESS
Materials specified Table of contents only
Uniform Resource Identifier <a href="http://www.loc.gov/catdir/enhancements/fy1105/2010925020-t.html">http://www.loc.gov/catdir/enhancements/fy1105/2010925020-t.html</a>
906 ## - LOCAL DATA ELEMENT F, LDF (RLIN)
a 7
b cbc
c copycat
d 2
e ncip
f 20
g y-gencatlg
942 ## - ADDED ENTRY ELEMENTS (KOHA)
Source of classification or shelving scheme Library of Congress Classification
Item type Book
Holdings
Withdrawn status Lost status Source of classification or shelving scheme Damaged status Not for loan Collection code Home library Current library Shelving location Date acquired Source of acquisition Cost, normal purchase price Total Checkouts Full call number Barcode Date last seen Copy number Price effective from Koha item type
    Library of Congress Classification   Not For Loan Non-fiction Bishop Okullu Memorial Library (Limuru Campus) Bishop Okullu Memorial Library (Limuru Campus) Processing Center 13/04/2026 Donation- Pittsburgh 3290.00   RJ245 .P43 2012 073306 13/04/2026 1 13/04/2026 Book